[Event "Moravia-Silesia Region-chT 2223"]
[Site "Czech Republic"]
[Date "2022.10.09"]
[Round "1"]
[White "Funiok, Marcel"]
[Black "Gajdusek, Josef"]
[Result "1-0"]
[WhiteElo "2091"]
[BlackElo "1966"]
[PlyCount "83"]
[EventDate "2022.10.09"]
[EventType "team-tourn"]
[EventRounds "11"]
[EventCountry "CZE"]
[SourceTitle "EXT 2024"]
[Source "ChessBase"]
[SourceDate "2023.10.10"]
[SourceVersion "1"]
[SourceVersionDate "2023.10.10"]
[SourceQuality "1"]
[WhiteTeam "Havirov Banik"]
[BlackTeam "Petrovice Inter"]
[WhiteTeamCountry "CZE"]
[BlackTeamCountry "CZE"]

1. c4 Nf6 2. Nc3 e5 3. g3 Be7 4. Bg2 0-0 5. d3 Nc6 6. e3 d6 7. Nge2 Bg4 8. h3 Bh5 9. 0-0 Qd7 10. a3 a5 11. Qb3 Nd8 12. Re1 c6 13. Bd2 Ne6 14. g4 Bg6 15. e4 h6 16. Ng3 Nd4 17. Qd1 Rfe8 18. Nce2 d5 19. Nxd4 exd4 20. cxd5 cxd5 21. e5 Nh7 22. Qb3 Red8 23. Rac1 b5 24. f4 a4 25. Qc2 Rac8 26. Qb1 Bh4 27. Kh2 h5 28. Bf3 Nf8 29. Rxc8 Rxc8 30. Rc1 Rxc1 31. Bxc1 Bxg3+ 32. Kxg3 Kh7 33. Qc2 Ne6 34. Bd2 Qc7 35. Qxc7 Nxc7 36. Ba5 Ne6 37. Bb6 hxg4 38. hxg4 Bxd3 39. Bxd5 Bc4 40. Bxc4 bxc4 41. f5 c3 42. bxc3 1-0

[Event "CZE-chT2F 2122"]
[Site "Czech Republic"]
[Date "2022.03.20"]
[Round "10.8"]
[White "Mika, Tomas"]
[Black "Funiok, Marcel"]
[Result "0-1"]
[WhiteElo "1834"]
[BlackElo "2087"]
[PlyCount "200"]
[EventDate "2021.10.17"]
[EventType "team-tourn"]
[EventRounds "11"]
[EventCountry "CZE"]
[SourceTitle "EXT 2024"]
[Source "ChessBase"]
[SourceDate "2023.10.10"]
[SourceVersion "1"]
[SourceVersionDate "2023.10.10"]
[SourceQuality "1"]
[WhiteTeam "Litovel Tatran"]
[BlackTeam "Havirov Banik"]
[WhiteTeamCountry "CZE"]
[BlackTeamCountry "CZE"]

1. e4 e6 2. Nf3 d5 3. exd5 exd5 4. d4 Bd6 5. Nc3 c6 6. h3 Bf5 7. Bd3 Ne7 8. 0-0 0-0 9. Re1 Bxd3 10. Qxd3 Nd7 11. Ne2 Ng6 12. b3 Re8 13. Bd2 Rc8 14. c4 Nf6 15. c5 Bb8 16. Ng3 Qd7 17. a4 Rxe1+ 18. Rxe1 Re8 19. Rxe8+ Qxe8 20. a5 a6 21. b4 Bxg3 22. fxg3 Qe4 23. Qxe4 Nxe4 24. Be1 f6 25. Kf1 h5 26. Ke2 Kf7 27. Ke3 Ne7 28. g4 hxg4 29. hxg4 Ke6 30. Nd2 Nxd2 31. Bxd2 Kf7 32. Kf3 Ng6 33. g3 Nf8 34. g5 Ne6 35. gxf6 Nxd4+ 36. Ke3 Nf5+ 37. Kf4 Kxf6 38. g4 g5+ 39. Kf3 Nh6 40. Bc3+ Ke6 41. Bd4 Nf7 42. Bc3 Ne5+ 43. Kg3 Nd7 44. Bd2 Kf6 45. Bc3+ Kg6 46. Kf3 Nf6 47. Bd4 Ne4 48. Ke3 Kf7 49. Bb2 Ke6 50. Bd4 Nf6 51. Kf3 Ne8 52. Be3 Kf6 53. Bd4+ Kg6 54. Ke3 Nc7 55. Bb2 Nb5 56. Kf3 Kf7 57. Ke3 Ke6 58. Kd3 Nc7 59. Bc1 Ke5 60. Bxg5 Ne6 61. Bd2 Nf4+ 62. Ke3 d4+ 63. Kf3 Ng6 64. g5 Kf5 65. Bc1 Ne5+ 66. Ke2 Ke4 67. Bd2 Kd5 68. Bf4 Ng6 69. Bd2 Ke4 70. Bc1 d3+ 71. Kd1 Kd4 72. Bd2 Ke4 73. Bc1 Kf5 74. Kd2 Kxg5 75. Kxd3+ Kf5 76. Kd4 Ne5 77. Ke3 Ng4+ 78. Kd4 Nf6 79. Bd2 Nd5 80. Be1 Kf4 81. Bd2+ Kf5 82. Be1 Nf4 83. Bd2 Ne6+ 84. Kd3 Ke5 85. Kc4 Ke4 86. Be1 Ke3 87. Bc3 Ng5 88. Bd4+ Ke4 89. Bb2 Nf3 90. Bc3 Ke3 91. Bg7 Kd2 92. Bh6+ Kc2 93. Bf4 Nd2+ 94. Bxd2 Kxd2 95. Kb3 Kd3 96. Ka3 Kc3 97. Ka4 Kb2 98. b5 Kc3 99. bxc6 bxc6 100. Ka3 Kc4 0-1

[Event "CZE-chT2F 1718"]
[Site "Czech Republic"]
[Date "2018.02.25"]
[Round "9.7"]
[White "Funiok, Marcel"]
[Black "Vrba, Svatopluk"]
[Result "1-0"]
[WhiteElo "2086"]
[BlackElo "1687"]
[PlyCount "45"]
[EventDate "2017.10.15"]
[EventType "team-tourn"]
[EventRounds "11"]
[EventCountry "CZE"]
[SourceTitle "EXT 2022"]
[Source "ChessBase"]
[SourceDate "2021.10.06"]
[SourceVersion "1"]
[SourceVersionDate "2021.10.06"]
[SourceQuality "1"]
[WhiteTeam "Havirov Banik"]
[BlackTeam "Vrbno pod Pradedem"]
[WhiteTeamCountry "CZE"]
[BlackTeamCountry "CZE"]

1. d4 g6 2. e4 Nf6 3. Bd3 Bg7 4. e5 Nd5 5. a3 0-0 6. Ne2 d6 7. exd6 exd6 8. c3 Re8 9. 0-0 Bg4 10. f3 Bd7 11. Nf4 Nxf4 12. Bxf4 Nc6 13. Qb3 b6 14. Be4 a5 15. Qc4 b5 16. Qd3 f5 17. Bd5+ Kh8 18. Nd2 b4 19. Qc4 Ne7 20. Bxa8 Qxa8 21. Qxc7 Qc6 22. Qxc6 Bxc6 23. Bxd6 1-0

[Event "CZE-chT2F 1516"]
[Site "Czech Republic"]
[Date "2015.12.06"]
[Round "4.16"]
[White "Netusil, Jan"]
[Black "Funiok, Marcel"]
[Result "1/2-1/2"]
[WhiteElo "1886"]
[BlackElo "2081"]
[PlyCount "35"]
[EventDate "2015.10.18"]
[EventType "team-tourn"]
[EventRounds "11"]
[EventCountry "CZE"]
[SourceTitle "EXT 2022"]
[Source "ChessBase"]
[SourceDate "2021.10.06"]
[SourceVersion "1"]
[SourceVersionDate "2021.10.06"]
[SourceQuality "1"]
[WhiteTeam "Postoupky"]
[BlackTeam "Havirov Banik"]
[WhiteTeamCountry "CZE"]
[BlackTeamCountry "CZE"]

1. e4 e6 2. d4 d5 3. Nd2 c5 4. c3 Nc6 5. exd5 Qxd5 6. dxc5 Bxc5 7. Ngf3 Nf6 8. Bc4 Qh5 9. 0-0 0-0 10. Nb3 Bb6 11. Nfd4 Nxd4 12. Qxh5 Nxh5 13. Nxd4 Bxd4 14. cxd4 Nf6 15. Rd1 Bd7 16. Bf4 Rac8 17. Bb3 Bc6 18. Rac1 1/2-1/2

[Event "CZE-chT2F 1415"]
[Site "Czech Republic"]
[Date "2015.01.25"]
[Round "6.24"]
[White "Funiok, Marcel"]
[Black "Sieber, Martin"]
[Result "1/2-1/2"]
[WhiteElo "2085"]
[BlackElo "2071"]
[PlyCount "93"]
[EventDate "2014.11.02"]
[EventType "team-tourn"]
[EventRounds "11"]
[EventCountry "CZE"]
[SourceTitle "EXT 2022"]
[Source "ChessBase"]
[SourceDate "2021.10.06"]
[SourceVersion "1"]
[SourceVersionDate "2021.10.06"]
[SourceQuality "1"]
[WhiteTeam "Havirov Banik"]
[BlackTeam "Orlova Slavia II"]
[WhiteTeamCountry "CZE"]
[BlackTeamCountry "CZE"]

1. d4 f5 2. c4 e6 3. Nf3 Nf6 4. e3 d5 5. Nc3 c6 6. Ne5 Nbd7 7. Nxd7 Bxd7 8. Bd2 Be7 9. Be2 0-0 10. c5 Ne4 11. 0-0 e5 12. Nxe4 fxe4 13. Bc3 exd4 14. Bxd4 Bf6 15. b4 Bxd4 16. Qxd4 Qg5 17. f4 exf3 18. Rxf3 Rxf3 19. Bxf3 Re8 20. Qf4 Qe5 21. Qxe5 Rxe5 22. Kf2 Bf5 23. Rd1 g5 24. Rd4 Kf7 25. b5 Re7 26. bxc6 bxc6 27. Rb4 Kf6 28. Ke2 Ke5 29. Kd2 Be4 30. a4 Rf7 31. Ke2 g4 32. Bxg4 Bxg2 33. Bh5 Rg7 34. Bf3 Bxf3+ 35. Kxf3 h5 36. Rh4 Rg5 37. a5 Kf5 38. Rf4+ Ke6 39. Rb4 Rg1 40. Rb7 Rc1 41. Rxa7 Rxc5 42. Kf4 Kf6 43. Rc7 Rc4+ 44. Kf3 Ke6 45. a6 Kd6 46. a7 Ra4 47. Rh7 1/2-1/2

[Event "CZE-chT2F 1415"]
[Site "Czech Republic"]
[Date "2014.11.30"]
[Round "3.63"]
[White "Juricek, Stanislav"]
[Black "Funiok, Marcel"]
[Result "1-0"]
[WhiteElo "2102"]
[BlackElo "2085"]
[PlyCount "79"]
[EventDate "2014.11.02"]
[EventType "team-tourn"]
[EventRounds "11"]
[EventCountry "CZE"]
[SourceTitle "EXT 2022"]
[Source "ChessBase"]
[SourceDate "2021.10.06"]
[SourceVersion "1"]
[SourceVersionDate "2021.10.06"]
[SourceQuality "1"]
[WhiteTeam "Vsetin"]
[BlackTeam "Havirov Banik"]
[WhiteTeamCountry "CZE"]
[BlackTeamCountry "CZE"]

1. e4 e5 2. Nf3 Nc6 3. Bc4 Nf6 4. Ng5 d5 5. exd5 Na5 6. Bb5+ c6 7. dxc6 bxc6 8. Be2 h6 9. Nf3 e4 10. Ne5 Bd6 11. d4 Qc7 12. 0-0 Bxe5 13. dxe5 Qxe5 14. Nc3 0-0 15. Be3 Bf5 16. Qd4 Qxd4 17. Bxd4 Nd5 18. g3 Nb7 19. Nxd5 cxd5 20. c4 Be6 21. Rfc1 a5 22. cxd5 Bxd5 23. Bc4 Bxc4 24. Rxc4 Rfc8 25. Rac1 Nd6 26. Rxc8+ Rxc8 27. Rxc8+ Nxc8 28. Bc5 f5 29. Kf1 Kf7 30. Ke2 g5 31. Ke3 Ke6 32. Kd4 h5 33. b3 Nd6 34. Bxd6 Kxd6 35. h4 f4 36. Kxe4 fxg3 37. fxg3 Kc5 38. hxg5 Kb4 39. g6 Ka3 40. Kd3 1-0

[Event "CZE-chT2F 1314"]
[Site "Czech Republic"]
[Date "2014.03.23"]
[Round "10.13"]
[White "Funiok, Marcel"]
[Black "Pacl, Vaclav"]
[Result "1/2-1/2"]
[WhiteElo "2112"]
[BlackElo "2150"]
[PlyCount "50"]
[EventDate "2013.11.03"]
[EventType "team-tourn"]
[EventRounds "11"]
[EventCountry "CZE"]
[SourceTitle "EXT 2016"]
[Source "ChessBase"]
[SourceDate "2015.10.08"]
[SourceVersion "1"]
[SourceVersionDate "2015.10.08"]
[SourceQuality "1"]
[WhiteTeam "Havirov Banik"]
[BlackTeam "Havirov Slovan"]
[WhiteTeamCountry "CZE"]
[BlackTeamCountry "CZE"]

1. d4 e6 2. e4 d5 3. exd5 exd5 4. Nf3 c6 5. Bd3 Bd6 6. Bg5 Ne7 7. c3 f6 8. Bh4 Nf5 9. Bg3 Kf7 10. Bxd6 Nxd6 11. 0-0 Bf5 12. Bxf5 Nxf5 13. Qd3 Qd7 14. Nbd2 Na6 15. Rfe1 Rae8 16. Nf1 Nc7 17. Ng3 Nxg3 18. hxg3 g6 19. Rxe8 Rxe8 20. Re1 Rxe1+ 21. Nxe1 Ne8 22. Qf3 Ng7 23. g4 h5 24. gxh5 Nxh5 25. Qd3 Ng7 1/2-1/2

[Event "CZE-chT2F 1213"]
[Site "Czech Republic"]
[Date "2012.11.04"]
[Round "2.33"]
[White "Karlik, Ondrej"]
[Black "Funiok, Marcel"]
[Result "0-1"]
[WhiteElo "2111"]
[BlackElo "2114"]
[PlyCount "158"]
[EventDate "2012.10.14"]
[EventType "team-tourn"]
[EventRounds "11"]
[EventCountry "CZE"]
[SourceTitle "EXT 2016"]
[Source "ChessBase"]
[SourceDate "2015.10.08"]
[SourceVersion "1"]
[SourceVersionDate "2015.10.08"]
[SourceQuality "1"]
[WhiteTeam "Postoupky"]
[BlackTeam "Havirov Banik"]
[WhiteTeamCountry "CZE"]
[BlackTeamCountry "CZE"]

1. e4 e6 2. Nc3 d5 3. g3 Nf6 4. Bg2 dxe4 5. Nxe4 Nxe4 6. Bxe4 e5 7. d3 c6 8. Bg2 Bc5 9. Qe2 0-0 10. Be3 Qa5+ 11. Qd2 Qxd2+ 12. Kxd2 Bb4+ 13. c3 Ba5 14. Nf3 Re8 15. Rae1 f6 16. Kc2 Be6 17. Nd2 Nd7 18. Ne4 Bc7 19. b3 Bf5 20. Nc5 Nxc5 21. Bxc5 a6 22. Be4 Be6 23. Bg2 Rad8 24. Re2 Bf5 25. Be4 Bg4 26. Rd2 Rd7 27. h3 Be6 28. g4 Bd5 29. f3 g6 30. Re1 Be6 31. d4 f5 32. gxf5 Bxf5 33. Bxf5 gxf5 34. Rde2 Re6 35. Rg2+ Kf7 36. Rg5 Kf6 37. Rg8 Rf7 38. dxe5+ Bxe5 39. Rd8 Bc7 40. Re8 Rxe1 41. Rxe1 Kg5 42. Kd3 Kh4 43. Rg1 Bg3 44. Rh1 Rd7+ 45. Ke3 Bc7 46. Bd4 Re7+ 47. Kd3 Re6 48. Bf2+ Bg3 49. Bb6 Rd6+ 50. Ke3 Re6+ 51. Kd3 Re8 52. Bd4 Re6 53. Bb6 Bf4 54. Bf2+ Kh5 55. Bc5 Rg6 56. Re1 Rg3 57. Re7 Rxf3+ 58. Ke2 Rxc3 59. Rxh7+ Kg6 60. Rg7+ Kxg7 61. Bd4+ Kg6 62. Bxc3 Kg5 63. Kf3 Bd6 64. Be1 c5 65. Bd2+ Kf6 66. Bc3+ Be5 67. Ba5 b5 68. Bd8+ Kg6 69. Ke3 c4 70. bxc4 bxc4 71. a4 Kf7 72. Bh4 Ke6 73. Be1 Kd5 74. h4 f4+ 75. Kd2 Ke4 76. a5 f3 77. h5 c3+ 78. Kc2 Ke3 79. h6 f2 0-1

[Event "Orlova op1"]
[Site "Orlova"]
[Date "2006.05.??"]
[Round "?"]
[White "Cvek, Robert"]
[Black "Funiok, Marcel"]
[Result "1-0"]
[WhiteElo "2498"]
[BlackElo "2070"]
[PlyCount "91"]
[EventDate "2006.05.??"]
[EventType "swiss"]
[EventRounds "9"]
[EventCountry "CZE"]
[SourceTitle "EXT 2008"]
[Source "ChessBase"]
[SourceDate "2007.11.25"]
[SourceVersion "1"]
[SourceVersionDate "2007.11.25"]
[SourceQuality "1"]

1. e4 e6 2. d3 d5 3. Nd2 Nf6 4. Ngf3 Be7 5. g3 0-0 6. Bg2 c5 7. 0-0 Nc6 8. e5 Nd7 9. Re1 Qc7 10. Qe2 b5 11. Nf1 Bb7 12. Bf4 a5 13. h4 Rfc8 14. N1h2 Nf8 15. h5 a4 16. a3 b4 17. Ng4 bxa3 18. bxa3 Nd4 19. Nxd4 cxd4 20. Ra2 Qd8 21. Bd2 Ra6 22. h6 g6 23. Rb2 Bc6 24. Bb4 Nd7 25. Reb1 Raa8 26. Qd2 f5 27. exf6 Bxf6 28. Qe2 e5 29. Bd6 Bh8 30. Rb7 Qe8 31. Bh3 Qe6 32. Nxe5 Qxh3 33. Nxc6 Rxc6 34. Qe7 Bf6 35. Qxd7 Qxd7 36. Rxd7 Rxd6 37. Rxd6 Be7 38. Rd7 Bf8 39. Rbb7 Bxh6 40. Rxh7 Bf8 41. Rhd7 Rc8 42. Ra7 Rxc2 43. Ra8 Rc6 44. Rxd5 Kf7 45. Rxa4 Bg7 46. Rd7+ 1-0